[Event "I Open Salinello A"]
[Site "Tortoreto ITA"]
[Date "2015.05.28"]
[Round "4"]
[White "Dvirnyy, Danyyil"]
[Black "Sprenger, Jan Michael"]
[WhiteElo "2540"]
[BlackElo "2503"]
[Result "1/2-1/2"]
[PlyCount "35"]
[EventDate "2015.05.26"]

1. e4 c5 2. Nf3 e6 3. d4 cxd4 4. Nxd4 a6 5. c4 Nf6 6. Nc3 Qc7 7. a3 Nc6 8. Be3
Bd6 9. Rc1 Be5 10. Be2 O-O 11. g3 Nxd4 12. Bxd4 Bxd4 13. Qxd4 e5 14. Qe3 d6 15.
O-O Be6 16. Rfd1 Qc5 17. Qd3 Rfd8 18. b4 1/2-1/2

[Event "I Open Salinello A"]
[Site "Tortoreto ITA"]
[Date "2015.05.28"]
[Round "4"]
[White "Maiorov, Nikita"]
[Black "Pap, Misa"]
[WhiteElo "2563"]
[BlackElo "2488"]
[Result "1-0"]
[PlyCount "123"]
[EventDate "2015.05.26"]

1. d4 f5 2. c4 Nf6 3. Nf3 g6 4. g3 Bg7 5. Bg2 d6 6. O-O O-O 7. d5 c6 8. Nd4 c5
9. Nf3 Na6 10. Nc3 Nc7 11. a4 h6 12. Bd2 a6 13. Qc1 Kh7 14. Ne1 Rb8 15. a5 e6
16. dxe6 Bxe6 17. Ra4 Qe8 18. Nd3 Ne4 19. b3 Bd7 20. Ra3 Bc6 21. b4 Ne6 22. e3
Rc8 23. bxc5 dxc5 24. f4 Nd8 25. Nxe4 Bxe4 26. Bxe4 Qxe4 27. Rb3 Rf7 28. Re1
Rd7 29. Nf2 Qe6 30. Qc2 Nc6 31. Reb1 Rcd8 32. Be1 Nb4 33. Qe2 Qf7 34. Bxb4 cxb4
35. Rxb4 Bc3 36. Ra4 Rc8 37. Rb3 Bg7 38. Rd3 Rdc7 39. Rd5 Qe8 40. Rb4 Bf8 41.
Rb6 Qf7 42. Qd2 Bc5 43. Rb3 Re8 44. Rbd3 Ree7 45. Qc3 Ba7 46. g4 Qg7 47. c5
Qxc3 48. Rxc3 Rcd7 49. Rxd7 Rxd7 50. gxf5 gxf5 51. Nd3 Bb8 52. Rb3 Bc7 53. Rxb7
Rg7+ 54. Kf2 Bxa5 55. c6 Rxb7 56. cxb7 Bc7 57. Nc5 a5 58. Na6 Bd6 59. b8=Q Bxb8
60. Nxb8 a4 61. Nc6 a3 62. Nb4 1-0

[Event "I Open Salinello A"]
[Site "Tortoreto ITA"]
[Date "2015.05.28"]
[Round "4"]
[White "Moroni, Luca jr"]
[Black "Valsecchi, Alessio"]
[WhiteElo "2437"]
[BlackElo "2445"]
[Result "1/2-1/2"]
[PlyCount "22"]
[EventDate "2015.05.26"]

1. c4 g6 2. Nc3 c5 3. g3 Bg7 4. Bg2 Nc6 5. Nf3 d6 6. d3 Qd7 7. a3 b6 8. e4 Bb7
9. Be3 h5 10. Qd2 Nd4 11. Rb1 Nh6 1/2-1/2

[Event "I Open Salinello A"]
[Site "Tortoreto ITA"]
[Date "2015.05.28"]
[Round "4"]
[White "Pescatore, Lorenzo"]
[Black "Korneev, Oleg"]
[WhiteElo "2270"]
[BlackElo "2572"]
[Result "0-1"]
[PlyCount "86"]
[EventDate "2015.05.26"]

1. e4 e5 2. Nf3 Nc6 3. d4 exd4 4. Bc4 Bc5 5. c3 Nf6 6. cxd4 Bb4+ 7. Bd2 Bxd2+
8. Nbxd2 d5 9. exd5 Nxd5 10. Qb3 Na5 11. Qa4+ Nc6 12. Qb3 Nce7 13. O-O O-O 14.
Rfe1 c6 15. Ne4 Rb8 16. Qa3 a6 17. Nc3 h6 18. Bxd5 Nxd5 19. Nxd5 Qxd5 20. Re5
Qd8 21. Qc3 Be6 22. Nd2 Qd7 23. Ne4 b6 24. Ng3 Rbd8 25. Rd1 a5 26. a3 Rfe8 27.
h3 f6 28. Ree1 a4 29. Rc1 Bf7 30. Rxe8+ Bxe8 31. Qc4+ Qd5 32. Nf5 Kh7 33. Ne7
Qxc4 34. Rxc4 b5 35. Rb4 g6 36. f4 Kg7 37. d5 cxd5 38. f5 d4 39. fxg6 d3 40.
Rg4 Bxg6 41. Rxg6+ Kf7 42. Rg8 Rxg8 43. Nxg8 d2 0-1

[Event "I Open Salinello A"]
[Site "Tortoreto ITA"]
[Date "2015.05.28"]
[Round "4"]
[White "Pijpers, Arthur"]
[Black "De Santis, Alessio"]
[WhiteElo "2428"]
[BlackElo "2267"]
[Result "1/2-1/2"]
[PlyCount "77"]
[EventDate "2015.05.26"]

1. e4 b6 2. d4 Bb7 3. Bd3 g6 4. f4 f5 5. Nc3 Nf6 6. Qe2 fxe4 7. Nxe4 e6 8. h4
Qe7 9. Nxf6+ Qxf6 10. f5 gxf5 11. Bg5 Qg7 12. Bxf5 Be7 13. Bxe7 Qg3+ 14. Qf2
Qxf2+ 15. Kxf2 Kxe7 16. Bg4 Nc6 17. Bf3 Raf8 18. c3 Rhg8 19. Re1 Nd8 20. Rh3
Rf5 21. Rg3 Rxg3 22. Kxg3 Bxf3 23. Nxf3 Nf7 24. Re2 Kf6 25. Kh3 h5 26. Nd2 Nh6
27. Ne4+ Kg6 28. Nf2 a5 29. Nd3 Ng4 30. Kg3 Kh6 31. Nf4 a4 32. Kf3 c5 33. g3 c4
34. a3 Kg7 35. Kg2 Kh6 36. Kf3 Kg7 37. Re4 b5 38. Ke2 Kh6 39. Kf3 1/2-1/2

[Event "I Open Salinello A"]
[Site "Tortoreto ITA"]
[Date "2015.05.28"]
[Round "4"]
[White "Raznikov, Danny"]
[Black "Boruchovsky, Avital"]
[WhiteElo "2484"]
[BlackElo "2517"]
[Result "1/2-1/2"]
[PlyCount "31"]
[EventDate "2015.05.26"]

1. d4 Nf6 2. c4 e6 3. Nf3 c5 4. d5 exd5 5. cxd5 d6 6. Nc3 g6 7. e4 Bg7 8. Bd3
O-O 9. h3 a6 10. a4 Nbd7 11. O-O Nh5 12. Bg5 Bf6 13. Bh6 Bg7 14. Bg5 Bf6 15.
Bh6 Bg7 16. Bg5 1/2-1/2

[Event "I Open Salinello A"]
[Site "Tortoreto ITA"]
[Date "2015.05.29"]
[Round "5"]
[White "Basso, Pier Luigi"]
[Black "Movileanu, Daniela"]
[WhiteElo "2429"]
[BlackElo "2181"]
[Result "1-0"]
[PlyCount "87"]
[EventDate "2015.05.26"]

1. d4 Nf6 2. Bg5 e6 3. Nf3 d5 4. e3 Be7 5. c4 c6 6. Nc3 Nbd7 7. Qc2 O-O 8. cxd5
exd5 9. Bd3 Re8 10. O-O-O Nf8 11. Ne5 Ne4 12. Bxe7 Qxe7 13. Kb1 Nxc3+ 14. Qxc3
c5 15. Bc2 cxd4 16. exd4 Be6 17. f3 Rac8 18. Qd2 Rc7 19. g4 Rec8 20. Bb3 f6 21.
Nd3 Bf7 22. h4 Nd7 23. Qa5 b6 24. Qd2 Nb8 25. Nf4 Qd6 26. g5 Nc6 27. gxf6 Qxf6
28. Nxd5 Qf5+ 29. Qd3 Qxd3+ 30. Rxd3 Rd7 31. Ne3 Bxb3 32. Rxb3 Rxd4 33. Rc3 Ne7
34. Nf5 Nxf5 35. Rxc8+ Kf7 36. Rc7+ Kf6 37. Rxa7 Nxh4 38. Rb7 h6 39. Rxb6+ Kf5
40. Rb5+ Kf6 41. Rb3 Rf4 42. Rd1 Nxf3 43. a4 Ne5 44. a5 1-0

[Event "I Open Salinello A"]
[Site "Tortoreto ITA"]
[Date "2015.05.29"]
[Round "5"]
[White "Efroimski, Marsel"]
[Black "Pijpers, Arthur"]
[WhiteElo "2244"]
[BlackElo "2428"]
[Result "1-0"]
[PlyCount "125"]
[EventDate "2015.05.26"]

1. e4 c5 2. Nf3 d6 3. Nc3 Nc6 4. d4 cxd4 5. Nxd4 g6 6. Be3 Bg7 7. Bc4 Nf6 8. h3
O-O 9. Bb3 Bd7 10. O-O Na5 11. Qd3 a6 12. Rfe1 Rc8 13. Nd5 Nxb3 14. axb3 e5 15.
Bg5 h6 16. Bxf6 Bxf6 17. Ne2 Bg7 18. c4 Be6 19. Nec3 Kh8 20. Rad1 Qh4 21. Qg3
Qh5 22. Rd3 Kh7 23. Qf3 Qxf3 24. Rxf3 f5 25. Rd3 Rf7 26. Red1 Bf8 27. f3 h5 28.
R1d2 f4 29. Nd1 g5 30. Nf2 Kg6 31. Rc3 Rg7 32. Kf1 Kf7 33. Kg1 Be7 34. Nxe7
Kxe7 35. Kf1 Rgg8 36. Nd3 b6 37. Nb4 g4 38. hxg4 hxg4 39. fxg4 Rxg4 40. Rh3 a5
41. Rh7+ Bf7 42. Nd5+ Ke6 43. Nxb6 Rb8 44. c5 dxc5 45. Nd7 Rb5 46. Rxf7 Kxf7
47. Nxe5+ Ke6 48. Nxg4 Rxb3 49. Rc2 Kd6 50. e5+ Kd5 51. e6 Kxe6 52. Rxc5 a4 53.
Ra5 f3 54. gxf3 Rxf3+ 55. Nf2 Rb3 56. Nd1 Rb4 57. Ke2 Kd6 58. Kd2 Kc6 59. Kc2
Kb6 60. Ra8 Kb7 61. Re8 Kc6 62. Nc3 Kc5 63. Ra8 1-0

[Event "I Open Salinello A"]
[Site "Tortoreto ITA"]
[Date "2015.05.29"]
[Round "5"]
[White "Garcia Palermo, Carlos Horacio"]
[Black "Raznikov, Danny"]
[WhiteElo "2427"]
[BlackElo "2484"]
[Result "0-1"]
[PlyCount "98"]
[EventDate "2015.05.26"]

1. c4 Nf6 2. Nf3 c5 3. g3 Nc6 4. Bg2 g6 5. Nc3 Bg7 6. d4 cxd4 7. Nxd4 Ng4 8. e3
Nge5 9. b3 Qa5 10. Bb2 d6 11. O-O Bg4 12. f3 Bd7 13. Qd2 O-O 14. Nde2 Be6 15.
f4 Ng4 16. h3 Nf6 17. Rad1 Rfc8 18. g4 a6 19. Na4 Qc7 20. Nec3 Rab8 21. Nd5
Bxd5 22. cxd5 Na7 23. Rc1 Qd8 24. e4 b5 25. Nc3 Qb6+ 26. Kh1 Nd7 27. Ne2 Bxb2
28. Qxb2 Qe3 29. Qd4 Qxe2 30. Qxa7 Nc5 31. Rce1 Qxa2 32. Qxe7 Nd3 33. Ra1 Qd2
34. Qxd6 Rd8 35. Qf6 Nf2+ 36. Rxf2 Qxf2 37. d6 a5 38. e5 Qd4 39. Rf1 Re8 40.
Bc6 Re6 41. Qh4 Qd3 42. Re1 a4 43. f5 Rxe5 44. Rxe5 Qxd6 45. Bxb5 Qxe5 46. bxa4
Rc8 47. Qf2 Qe4+ 48. Kg1 Rc2 49. Qg3 Qd4+ 0-1

[Event "I Open Salinello A"]
[Site "Tortoreto ITA"]
[Date "2015.05.29"]
[Round "5"]
[White "Greenfeld, Alon"]
[Black "Aghayev, Miragha"]
[WhiteElo "2544"]
[BlackElo "2367"]
[Result "1-0"]
[PlyCount "63"]
[EventDate "2015.05.26"]

1. Nf3 Nf6 2. c4 c5 3. Nc3 d5 4. cxd5 Nxd5 5. e4 Nxc3 6. dxc3 Qxd1+ 7. Kxd1 Nc6
8. Kc2 Bd7 9. Be2 e6 10. Rd1 O-O-O 11. a4 Be7 12. a5 f6 13. Nd2 Kc7 14. Nc4 Bc8
15. Rh1 Kb8 16. Bf4+ e5 17. Bg3 Be6 18. Ne3 Bd6 19. Bc4 Bc8 20. Nd5 Ne7 21. f3
Nxd5 22. Bxd5 g6 23. Rhd1 h5 24. Bf2 g5 25. a6 b6 26. b4 Kc7 27. bxc5 Bxc5 28.
Bxc5 bxc5 29. c4 Rd6 30. Ra5 Bxa6 31. Rda1 Bb7 32. Bxb7 1-0

[Event "I Open Salinello A"]
[Site "Tortoreto ITA"]
[Date "2015.05.29"]
[Round "5"]
[White "Korneev, Oleg"]
[Black "Dvirnyy, Danyyil"]
[WhiteElo "2572"]
[BlackElo "2540"]
[Result "1/2-1/2"]
[PlyCount "43"]
[EventDate "2015.05.26"]

1. e4 e5 2. Nf3 Nc6 3. Bb5 a6 4. Ba4 Nf6 5. O-O b5 6. Bb3 Bc5 7. Nc3 O-O 8. d3
h6 9. Nd5 d6 10. c3 Rb8 11. h3 Nxd5 12. Bxd5 Ne7 13. Bb3 Ng6 14. d4 Bb6 15.
dxe5 dxe5 16. Qe2 Qe7 17. Nh2 Qh4 18. Ng4 h5 19. Nh2 Bb7 20. Bc2 Rbd8 21. Nf3
Nf4 22. Bxf4 1/2-1/2

[Event "I Open Salinello A"]
[Site "Tortoreto ITA"]
[Date "2015.05.29"]
[Round "5"]
[White "Pap, Misa"]
[Black "Bove, Alessandro"]
[WhiteElo "2488"]
[BlackElo "2318"]
[Result "1-0"]
[PlyCount "77"]
[EventDate "2015.05.26"]

1. e4 g6 2. d4 Bg7 3. Nf3 c6 4. h3 d5 5. Nbd2 dxe4 6. Nxe4 Nd7 7. Bc4 Nb6 8.
Bb3 a5 9. a4 Nf6 10. Ng3 O-O 11. O-O Nbd5 12. Re1 e6 13. Ne5 Nd7 14. c4 Nb4 15.
Nf3 c5 16. Bg5 f6 17. Bf4 cxd4 18. Rxe6 Ne5 19. Rd6 Qe7 20. c5+ Kh8 21. Rxd4
Qxc5 22. Be3 Qe7 23. Rc1 Nbc6 24. Rd2 Nxf3+ 25. Qxf3 Qb4 26. Qd1 Re8 27. Rc4
Qe7 28. Re4 Ne5 29. Bd4 Bf5 30. Nxf5 gxf5 31. Rh4 Ng6 32. Rh5 Rad8 33. Rxf5
Qe1+ 34. Qxe1 Rxe1+ 35. Kh2 Re4 36. Rd5 Ree8 37. Bb6 Rxd5 38. Rxd5 Ne5 39. Bxa5
1-0

[Event "I Open Salinello A"]
[Site "Tortoreto ITA"]
[Date "2015.05.29"]
[Round "5"]
[White "Sibilio, Mario"]
[Black "Moroni, Luca jr"]
[WhiteElo "2295"]
[BlackElo "2437"]
[Result "1-0"]
[PlyCount "89"]
[EventDate "2015.05.26"]

1. Nf3 Nf6 2. b3 g6 3. Bb2 Bg7 4. c4 O-O 5. Nc3 d6 6. d4 Nbd7 7. g3 e5 8. Bg2
Re8 9. O-O c6 10. e3 Qc7 11. Rc1 Nf8 12. c5 dxc5 13. dxe5 Ng4 14. Ne4 Nxe5 15.
Nxe5 Bxe5 16. Bxe5 Rxe5 17. Nxc5 a5 18. Qd2 Qe7 19. Qc3 Nd7 20. Nd3 Re6 21. e4
b6 22. Rfe1 f6 23. e5 Bb7 24. exf6 Nxf6 25. Nf4 Rxe1+ 26. Rxe1 Qf7 27. Bh3 Kg7
28. Be6 Qf8 29. Bh3 Qf7 30. Ne6+ Kh8 31. Ng5 Qg7 32. Ne6 Qf7 33. Nf4 Kg7 34.
Be6 Qf8 35. Bd5 Qb4 36. Ne6+ Kf7 37. Qxb4 axb4 38. Bf3 Bc8 39. Ng5+ Kg7 40.
Re7+ Kh8 41. Nf7+ Kg7 42. Bxc6 Kf8 43. Rc7 Rb8 44. Ng5 Kg8 45. Rf7 1-0

[Event "I Open Salinello A"]
[Site "Tortoreto ITA"]
[Date "2015.05.29"]
[Round "5"]
[White "Sprenger, Jan Michael"]
[Black "Maiorov, Nikita"]
[WhiteElo "2503"]
[BlackElo "2563"]
[Result "0-1"]
[PlyCount "88"]
[EventDate "2015.05.26"]

1. e4 e5 2. Nf3 Nc6 3. Bb5 a6 4. Ba4 Nf6 5. O-O Be7 6. Re1 b5 7. Bb3 d6 8. c3
O-O 9. d4 Bg4 10. Be3 exd4 11. cxd4 Na5 12. Bc2 Nc4 13. Bc1 c5 14. b3 Na5 15.
Nbd2 cxd4 16. h3 Bh5 17. g4 d3 18. Bxd3 Bg6 19. Bb2 Nc6 20. Rc1 Qb6 21. Qe2 Nd7
22. Qe3 Nc5 23. Bf1 Qb7 24. e5 Ne6 25. Bg2 d5 26. a3 Qd7 27. Nf1 b4 28. axb4
Nxb4 29. Red1 Rac8 30. Rxc8 Rxc8 31. Ne1 Bc2 32. Ra1 d4 33. Qf3 d3 34. Qb7 Qd8
35. Nxc2 dxc2 36. Ne3 Nd3 37. Bc1 Nxc1 38. Rxc1 Ba3 39. Rxc2 Rxc2 40. Nxc2 Qd1+
41. Bf1 Qxc2 42. Qxa6 Bf8 43. Bc4 Qb1+ 44. Kh2 Qe1 0-1

[Event "I Open Salinello A"]
[Site "Tortoreto ITA"]
[Date "2015.05.29"]
[Round "5"]
[White "Stopa, Jacek"]
[Black "Bar, Aviv"]
[WhiteElo "2528"]
[BlackElo "2110"]
[Result "1-0"]
[PlyCount "99"]
[EventDate "2015.05.26"]

1. f4 Nf6 2. Nf3 g6 3. d3 Bg7 4. e4 d6 5. Be2 O-O 6. O-O c5 7. Nc3 Nc6 8. Qe1
d5 9. Qh4 dxe4 10. dxe4 Nd4 11. Bd1 b6 12. e5 Nf5 13. Qe1 Nd5 14. g4 Nxc3 15.
bxc3 Nh6 16. h3 f5 17. g5 Nf7 18. h4 h5 19. gxh6 Nxh6 20. Qg3 Ng4 21. Nh2 Kh7
22. Nxg4 fxg4 23. Be3 Qd5 24. Bxg4 Bxg4 25. Qxg4 Qe4 26. Rae1 Rad8 27. h5 Qf5
28. hxg6+ Qxg6 29. Qxg6+ Kxg6 30. Kg2 e6 31. Kf3 Rf5 32. Ke4 Rd7 33. Rh1 Kf7
34. Re2 Ke8 35. a4 Kf7 36. Rg2 Ke8 37. Rg6 Bf8 38. Rhg1 Kf7 39. Rxe6 Rxf4+ 40.
Bxf4 Kxe6 41. Rg6+ Ke7 42. Bg5+ Ke8 43. Re6+ Kf7 44. Rc6 Rd1 45. e6+ Kg7 46.
Rc7+ Kg6 47. e7 Bxe7 48. Bxe7 a6 49. Rc6+ Kf7 50. Bd6 1-0

[Event "I Open Salinello A"]
[Site "Tortoreto ITA"]
[Date "2015.05.29"]
[Round "5"]
[White "Valsecchi, Alessio"]
[Black "Boruchovsky, Avital"]
[WhiteElo "2445"]
[BlackElo "2517"]
[Result "1/2-1/2"]
[PlyCount "165"]
[EventDate "2015.05.26"]

1. e4 e5 2. Nf3 Nc6 3. Bc4 Bc5 4. b4 Bxb4 5. c3 Ba5 6. d4 exd4 7. Qb3 Qe7 8.
O-O Bb6 9. cxd4 Na5 10. Qd3 Nxc4 11. Qxc4 d6 12. e5 d5 13. Qxd5 Qe6 14. Qe4 Nf6
15. Qe1 Nd5 16. a4 a6 17. a5 Ba7 18. Nc3 Bd7 19. Ra3 h6 20. Qe4 Bc6 21. Qh4 Ne7
22. d5 Nxd5 23. Nxd5 Bxd5 24. Rc3 O-O 25. Re1 Qg6 26. Qf4 Bxf3 27. Rxf3 Rad8
28. Rg3 Qc2 29. Qf6 g5 30. Bxg5 Qxf2+ 31. Qxf2 Bxf2+ 32. Kxf2 hxg5 33. Rxg5+
Kh7 34. Re4 Kh6 35. Rg3 Kh5 36. Rf4 Rd2+ 37. Ke3 Ra2 38. Rh3+ Kg5 39. Rg3+ Kh5
40. Rf6 Re8 41. Rg7 Re6 42. Rgxf7 Rxf6 43. exf6 Kg6 44. Rxc7 Kxf6 45. Kf3 Ra3+
46. Kf4 Ra4+ 47. Kg3 Ra3+ 48. Kh4 Ra2 49. Rxb7 Rxg2 50. Rb6+ Kg7 51. h3 Rc2 52.
Rxa6 Rc5 53. Kg4 Kh7 54. Kf4 Rb5 55. Ke4 Kg7 56. Kd4 Rf5 57. Ra8 Kh7 58. a6 Rf6
59. Ra7+ Kg8 60. Kd5 Kh8 61. h4 Kg8 62. Ke5 Rc6 63. Kf5 Rb6 64. h5 Rc6 65. Kg5
Rb6 66. h6 Kh8 67. Ra8+ Kh7 68. Ra7+ Kh8 69. Kf5 Rxh6 70. Ke5 Rb6 71. Kd5 Rf6
72. Kc5 Kg8 73. Ra8+ Kg7 74. Ra7+ Kg8 75. Kb5 Rf5+ 76. Kc6 Rf6+ 77. Kc7 Rf7+
78. Kb6 Rf6+ 79. Kc5 Rf5+ 80. Kd6 Rf6+ 81. Kd5 Kh8 82. Ke5 Rb6 83. Ke4 1/2-1/2

[Event "I Open Salinello A"]
[Site "Tortoreto ITA"]
[Date "2015.05.30"]
[Round "6"]
[White "Bar, Aviv"]
[Black "Garcia Palermo, Carlos Horacio"]
[WhiteElo "2110"]
[BlackElo "2427"]
[Result "0-1"]
[PlyCount "88"]
[EventDate "2015.05.26"]

1. e4 c6 2. d4 d5 3. e5 Bf5 4. Nf3 e6 5. Be2 Bb4+ 6. Nbd2 Nd7 7. O-O Ba5 8. a4
Ne7 9. c3 O-O 10. Nh4 f6 11. exf6 Nxf6 12. Nxf5 Nxf5 13. Nb3 Bc7 14. Nc5 Qe7
15. Nxb7 Ne4 16. g3 Nfxg3 17. hxg3 Nxg3 18. fxg3 Bxg3 19. Qc2 Qh4 20. Bd3 Rxf1+
21. Bxf1 Rf8 22. Be3 Rf3 23. Qg2 Rxe3 24. Rd1 Re4 25. Be2 Qg5 26. Rd3 Bf2+ 27.
Kf1 Qxg2+ 28. Kxg2 Rxe2 29. b4 Bxd4+ 30. Kf3 Rf2+ 31. Kg3 Bb6 32. a5 Rf7 33.
axb6 Rxb7 34. bxa7 Rxa7 35. Kf4 Kf7 36. Ke5 Ke7 37. Rg3 g6 38. Rh3 h5 39. Rg3
Ra1 40. Rxg6 Re1+ 41. Kd4 Re4+ 42. Kd3 h4 43. Rh6 Kd6 44. Rh7 Rg4 0-1

[Event "I Open Salinello A"]
[Site "Tortoreto ITA"]
[Date "2015.05.30"]
[Round "6"]
[White "Basso, Pier Luigi"]
[Black "Pap, Misa"]
[WhiteElo "2429"]
[BlackElo "2488"]
[Result "1-0"]
[PlyCount "101"]
[EventDate "2015.05.26"]

1. c4 c5 2. g3 g6 3. Bg2 Bg7 4. Nc3 Nc6 5. Nf3 Nh6 6. d4 cxd4 7. Bxh6 Bxh6 8.
Nxd4 Qb6 9. Nb3 d6 10. O-O Bg7 11. Nd5 Qd8 12. Qd2 O-O 13. Rac1 a5 14. e3 e6
15. Nc3 a4 16. Na1 Qb6 17. b3 Qb4 18. Rfd1 axb3 19. Nxb3 Rd8 20. Nb5 Bf8 21.
Qxb4 Nxb4 22. a3 Nc6 23. Rd2 Ra6 24. f4 Na5 25. Nxa5 Rxa5 26. e4 d5 27. Rcd1
Bc5+ 28. Kh1 Bd7 29. exd5 Bxb5 30. cxb5 Rxb5 31. a4 Rb4 32. a5 Rb5 33. d6 Rd7
34. a6 Bxd6 35. Bxb7 Rb6 36. Rxd6 Rdxd6 37. Rxd6 Rxd6 38. a7 Rd1+ 39. Kg2 Rd2+
40. Kf3 Rd3+ 41. Ke4 Ra3 42. a8=Q+ Rxa8 43. Bxa8 h5 44. Ke5 Kg7 45. h4 Kf8 46.
Kf6 Ke8 47. Be4 Kf8 48. Bb1 Ke8 49. Bxg6 fxg6 50. Kxe6 Kf8 51. Kf6 1-0

[Event "I Open Salinello A"]
[Site "Tortoreto ITA"]
[Date "2015.05.30"]
[Round "6"]
[White "Boruchovsky, Avital"]
[Black "Greenfeld, Alon"]
[WhiteElo "2517"]
[BlackElo "2544"]
[Result "1/2-1/2"]
[PlyCount "54"]
[EventDate "2015.05.26"]

1. d4 Nf6 2. c4 g6 3. Nc3 d5 4. Bg5 Bg7 5. Bxf6 Bxf6 6. cxd5 c5 7. Nf3 cxd4 8.
Nxd4 Qb6 9. Nb3 O-O 10. Qd2 Rd8 11. g3 a5 12. Bg2 a4 13. Nc1 a3 14. Rb1 axb2
15. Rxb2 Qd4 16. Qxd4 Bxd4 17. Rb3 Nd7 18. e3 Bg7 19. Nd3 Nb6 20. Nb4 Nc4 21.
Nb1 Bf5 22. e4 Bd7 23. O-O Ba4 24. Rd3 Nb2 25. Rd2 Nc4 26. Rd3 Nb2 27. Rd2 Nc4
1/2-1/2

[Event "I Open Salinello A"]
[Site "Tortoreto ITA"]
[Date "2015.05.30"]
[Round "6"]
[White "Bruno, Fabio"]
[Black "Efroimski, Marsel"]
[WhiteElo "2425"]
[BlackElo "2244"]
[Result "1-0"]
[PlyCount "77"]
[EventDate "2015.05.26"]

1. d4 Nf6 2. Nf3 g6 3. c3 Bg7 4. Bg5 d6 5. Nbd2 c5 6. dxc5 dxc5 7. e4 O-O 8.
Bc4 Nc6 9. h3 Qc7 10. O-O h6 11. Be3 Na5 12. Bd3 Rd8 13. Qe2 Nh5 14. e5 Bxe5
15. Nxe5 Qxe5 16. Nf3 Qf6 17. Bxh6 Nf4 18. Bxf4 Qxf4 19. Rad1 Nc6 20. Be4 Bf5
21. Bxc6 bxc6 22. Qxe7 Rxd1 23. Rxd1 Bxh3 24. Ng5 Bxg2 25. Rd8+ Rxd8 26. Qxd8+
Kg7 27. Kxg2 Qg4+ 28. Kf1 Qc4+ 29. Ke1 Qxa2 30. Qd2 a5 31. f3 a4 32. Ne4 a3 33.
bxa3 Qxa3 34. Qe3 Qa1+ 35. Kf2 Qb2+ 36. Kg3 Qb1 37. Qxc5 f5 38. Qe7+ Kh6 39.
Qf8+ 1-0

[Event "I Open Salinello A"]
[Site "Tortoreto ITA"]
[Date "2015.05.30"]
[Round "6"]
[White "Damia, Angelo"]
[Black "Strikovic, Aleksa"]
[WhiteElo "2194"]
[BlackElo "2526"]
[Result "0-1"]
[PlyCount "68"]
[EventDate "2015.05.26"]

1. e4 d6 2. Nc3 e5 3. f4 exf4 4. Nf3 g5 5. Bc4 Bg7 6. O-O Nc6 7. d4 Bg4 8. Ne2
Qe7 9. h3 Bxf3 10. gxf3 Nf6 11. d5 Ne5 12. Bb5+ Nfd7 13. Nd4 O-O 14. Nf5 Qd8
15. Kh2 Nf6 16. Rg1 Nh5 17. Be2 Ng6 18. Qf1 Be5 19. Bd2 Kh8 20. Qg2 Ng3 21. Be1
Nh4 22. Nxh4 gxh4 23. c3 Nxe4 24. Bd3 Ng3 25. Qc2 f5 26. Bd2 Qf6 27. Qa4 Rg8
28. Rae1 Qf7 29. Qc4 b5 30. Qb3 a6 31. Bc1 Nh5 32. Qd1 Rg3 33. Bf1 Rag8 34. Bg2
Nf6 0-1

[Event "I Open Salinello A"]
[Site "Tortoreto ITA"]
[Date "2015.05.30"]
[Round "6"]
[White "Maiorov, Nikita"]
[Black "Stopa, Jacek"]
[WhiteElo "2563"]
[BlackElo "2528"]
[Result "1-0"]
[PlyCount "75"]
[EventDate "2015.05.26"]

1. d4 Nf6 2. Nf3 d5 3. c4 e6 4. e3 Be7 5. b3 O-O 6. Bb2 b6 7. Bd3 dxc4 8. bxc4
c5 9. O-O Bb7 10. Nbd2 Nbd7 11. Qe2 Qc7 12. Rfd1 Rfd8 13. a4 a5 14. Rac1 cxd4
15. exd4 Qf4 16. Qe3 Bd6 17. g3 Qxe3 18. fxe3 Ng4 19. Re1 Bb4 20. Bc3 Nde5 21.
Nxe5 Nxe5 22. Be2 Bc6 23. Bxb4 axb4 24. c5 Bxa4 25. cxb6 Rab8 26. b7 Nc6 27.
Bf3 Ne7 28. Rc4 Bb5 29. Rxb4 Bc6 30. Bxc6 Nxc6 31. Rb6 Na5 32. Reb1 Kf8 33. Ne4
Nc4 34. R6b3 e5 35. Rc3 Na5 36. Rc7 exd4 37. exd4 Ke8 38. Nc5 1-0

[Event "I Open Salinello A"]
[Site "Tortoreto ITA"]
[Date "2015.05.30"]
[Round "6"]
[White "Raznikov, Danny"]
[Black "Dvirnyy, Danyyil"]
[WhiteElo "2484"]
[BlackElo "2540"]
[Result "1/2-1/2"]
[PlyCount "31"]
[EventDate "2015.05.26"]

1. d4 d5 2. c4 c6 3. cxd5 cxd5 4. Bf4 Nc6 5. e3 Nf6 6. Nc3 Bg4 7. f3 Bd7 8. Bd3
e6 9. Bg5 Be7 10. Nge2 O-O 11. O-O Rc8 12. Rc1 Na5 13. Nf4 h6 14. Bxf6 Bxf6 15.
Bb1 g6 16. b3 1/2-1/2

[Event "I Open Salinello A"]
[Site "Tortoreto ITA"]
[Date "2015.05.30"]
[Round "6"]
[White "Sibilio, Mario"]
[Black "Valsecchi, Alessio"]
[WhiteElo "2295"]
[BlackElo "2445"]
[Result "0-1"]
[PlyCount "136"]
[EventDate "2015.05.26"]

1. Nf3 g6 2. e4 Bg7 3. d4 c6 4. h3 d5 5. exd5 cxd5 6. Bb5+ Bd7 7. Qe2 Nc6 8.
O-O Nf6 9. Bf4 Nh5 10. Be3 O-O 11. Nc3 a6 12. Bxc6 Bxc6 13. Rfe1 Qd6 14. Qd2
Rad8 15. Ne2 Rfe8 16. Bh6 Bh8 17. Nf4 Nf6 18. Nd3 Ne4 19. Qe3 f6 20. Bf4 Qd7
21. Rad1 b6 22. Bh2 a5 23. c3 Bg7 24. Bf4 e6 25. Bh6 Bh8 26. Bf4 Ba4 27. Rc1
Bb5 28. b3 Nd6 29. Nb2 Bc6 30. Nd3 Bg7 31. Qe2 Bb7 32. Qd2 Re7 33. Qd1 Rc8 34.
Nb2 Ne4 35. Na4 Qd8 36. Nd2 Nd6 37. Nf3 Nf7 38. Be3 Bc6 39. Nh2 Be8 40. Nb2
Rec7 41. Qd2 Rc6 42. Nf1 Nd6 43. Ng3 Bf7 44. Nd1 b5 45. Nb2 Qc7 46. Bf4 Bf8 47.
Ne2 Qd8 48. Nd3 Ne4 49. Qb2 g5 50. Be3 Bg6 51. Red1 Qc7 52. Nc5 Nxc5 53. dxc5
Bxc5 54. Bxc5 Rxc5 55. b4 Rc4 56. bxa5 Qxa5 57. Nd4 Qb6 58. Qe2 b4 59. Qxe6+
Qxe6 60. Nxe6 Bf7 61. Nd4 bxc3 62. Nf5 Rb8 63. Nd6 Rc5 64. Rd3 c2 65. Rb3 Rxb3
66. axb3 Bg6 67. b4 Rc3 68. Kf1 Rb3 0-1

[Event "I Open Salinello A"]
[Site "Tortoreto ITA"]
[Date "2015.05.30"]
[Round "6"]
[White "Sprenger, Jan Michael"]
[Black "Korneev, Oleg"]
[WhiteElo "2503"]
[BlackElo "2572"]
[Result "1/2-1/2"]
[PlyCount "51"]
[EventDate "2015.05.26"]

1. e4 c5 2. Nf3 e6 3. d4 cxd4 4. Nxd4 Nc6 5. Nc3 Qc7 6. g3 a6 7. Bg2 Nf6 8. O-O
h5 9. Bg5 Nxd4 10. Qxd4 Bc5 11. Qd2 Ng4 12. h3 Ne5 13. Bf4 d6 14. Na4 Ba7 15.
Rfd1 O-O 16. Qxd6 Qxd6 17. Rxd6 Nc4 18. Rdd1 b5 19. Bf1 e5 20. Bc1 bxa4 21.
Bxc4 Bxh3 22. Bd5 Bg4 23. Re1 Rab8 24. Rb1 Rfc8 25. c4 Be6 26. b3 1/2-1/2

[Event "I Open Salinello A"]
[Site "Tortoreto ITA"]
[Date "2015.05.31"]
[Round "7"]
[White "Bove, Alessandro"]
[Black "Pijpers, Arthur"]
[WhiteElo "2318"]
[BlackElo "2428"]
[Result "0-1"]
[PlyCount "86"]
[EventDate "2015.05.26"]

1. e4 e6 2. d4 d5 3. Nd2 Be7 4. e5 c5 5. Ngf3 Nc6 6. dxc5 Qc7 7. Nb3 Nxe5 8.
Bf4 Nxf3+ 9. Qxf3 e5 10. Bg3 Be6 11. Bb5+ Kf8 12. Qe2 Bf6 13. O-O a6 14. Bd3
Ne7 15. Rae1 Nc6 16. f4 exf4 17. Bxf4 Qd8 18. c3 Kg8 19. Kh1 h6 20. Qh5 Qd7 21.
Bd6 Bg5 22. Qf3 Bh4 23. g3 Bf6 24. Bf5 Bxf5 25. Qxf5 Qxf5 26. Rxf5 d4 27. cxd4
Bxd4 28. Nxd4 Nxd4 29. Rf4 Nc6 30. b4 g5 31. Rf2 Rd8 32. a4 b5 33. axb5 axb5
34. Ra1 Rd7 35. Rb2 Kh7 36. Ra6 Rc8 37. Rb6 Nd4 38. Rd2 Nf3 39. Rd3 g4 40. h3
Ra7 41. Rxf3 gxf3 42. Kg1 Re8 43. Kf2 Ra3 0-1

[Event "I Open Salinello A"]
[Site "Tortoreto ITA"]
[Date "2015.05.31"]
[Round "7"]
[White "De Santis, Alessio"]
[Black "Garcia Palermo, Carlos Horacio"]
[WhiteElo "2267"]
[BlackElo "2427"]
[Result "0-1"]
[PlyCount "128"]
[EventDate "2015.05.26"]

1. Nf3 e6 2. b3 b6 3. g3 Bb7 4. Bg2 Nf6 5. Bb2 Be7 6. O-O O-O 7. d4 c5 8. c4
cxd4 9. Nxd4 Bxg2 10. Kxg2 d5 11. Nd2 Qd7 12. cxd5 Qxd5+ 13. N2f3 Nbd7 14. Rc1
Rfc8 15. Nc6 Bc5 16. Qxd5 Nxd5 17. e4 N5f6 18. Rxc5 Nxc5 19. Ne7+ Kf8 20. Nxc8
Rxc8 21. Rc1 Rd8 22. e5 Nfe4 23. Ba3 Ke8 24. Rc4 a5 25. b4 b5 26. Rd4 Rxd4 27.
Nxd4 axb4 28. Bxb4 Nd3 29. a3 Nexf2 30. Ba5 Ng4 31. Nxb5 Ngxe5 32. Bc3 Kd7 33.
Nd4 Nc4 34. Nc2 g5 35. h3 h5 36. Bf6 g4 37. hxg4 hxg4 38. Kf1 Nc5 39. Bc3 f5
40. Ke2 Kc6 41. Be1 Kd5 42. Nb4+ Ke4 43. Nc2 e5 44. Bf2 Na4 45. Ba7 Nc3+ 46.
Kf2 Kd3 47. Nb4+ Kd2 48. Bb8 e4 49. Bf4+ e3+ 50. Kg2 Kd1 51. Bxe3 Nxe3+ 52. Kf2
Nc4 53. Nc6 Ne4+ 54. Kg2 Nxa3 55. Nd4 Nd6 56. Ne6 Nac4 57. Nd4 Kd2 58. Ne6 Ne3+
59. Kh2 Ke2 60. Nf4+ Kf1 61. Nd3 Ne4 62. Nf4 Ng5 63. Nd3 Nf3+ 64. Kh1 Nd1 0-1